000 00341nam a2200133Ia 4500
008 240624s9999 xx 000 0 und d
041 _aeng
082 _a658.5 EAG
100 _aEAGLE SIMON
245 _aDEMAND DRIVEN SUPPLY CHAIN MANAGEMENT TR
260 _c2017
_aLondon
_bKogan Page
300 _axii, 262 p.; 23 cm.
365 _cBPS
_b33
999 _c32175
_d32175